[Event "Titled Tuesday intern op 23rd Aug Late"]
[Site "Chess.com INT"]
[Date "2022.08.23"]
[Round "6"]
[White "Nazaretyan, Tigran"]
[Black "Chigaev, Maksim"]
[Result "0-1"]
[WhiteElo "2316"]
[BlackElo "2641"]
[PlyCount "72"]
[EventDate "2022.08.23"]
[EventType "swiss (blitz)"]
[EventRounds "11"]
[EventCountry "USA"]
[SourceTitle "EXT 2023"]
[Source "ChessBase"]
[SourceDate "2022.10.05"]
[SourceVersion "1"]
[SourceVersionDate "2022.10.05"]
[SourceQuality "1"]

1. d4 Nf6 2. c3 g6 3. Bf4 Bg7 4. e3 0-0 5. Nf3 d6 6. h3 c5 7. Nbd2 cxd4 8. exd4 Nc6 9. Be2 e5 10. dxe5 dxe5 11. Nxe5 Nd5 12. Nxc6 bxc6 13. Bg3 Re8 14. 0-0 Bxc3 15. Nc4 Bxb2 16. Nxb2 Nc3 17. Qxd8 Nxe2+ 18. Kh2 Rxd8 19. Bh4 Re8 20. Rfe1 h6 21. Nd3 g5 22. Bg3 Bf5 23. Nb4 Rac8 24. Rad1 a5 25. Na6 Nxg3 26. Kxg3 Rxe1 27. Rxe1 Be6 28. a3 c5 29. Re5 c4 30. Rxa5 c3 31. Rc5 c2 32. Nc7 Bb3 33. Kf3 Rd8 34. Nb5 Rd1 35. Nd4 Rxd4 36. Ke2 Rd1 0-1

[Event "Titled Tuesday intern op 23rd Aug Early"]
[Site "Chess.com INT"]
[Date "2022.08.23"]
[Round "4"]
[White "Nazaretyan, Tigran"]
[Black "Pourkashiyan, Atousa"]
[Result "1-0"]
[WhiteElo "2316"]
[BlackElo "2322"]
[PlyCount "55"]
[EventDate "2022.08.23"]
[EventType "swiss (blitz)"]
[EventRounds "11"]
[EventCountry "USA"]
[SourceTitle "EXT 2023"]
[Source "ChessBase"]
[SourceDate "2022.10.05"]
[SourceVersion "1"]
[SourceVersionDate "2022.10.05"]
[SourceQuality "1"]

1. d4 Nf6 2. c4 e6 3. Nf3 d5 4. Nc3 Be7 5. Bf4 0-0 6. e3 Nbd7 7. c5 c6 8. Bd3 b6 9. b4 a5 10. a3 Ba6 11. 0-0 Bxd3 12. Qxd3 b5 13. Rfb1 Ne8 14. a4 axb4 15. Rxb4 bxa4 16. Rbxa4 Rxa4 17. Rxa4 f6 18. Qa6 Nb8 19. Qb7 e5 20. dxe5 fxe5 21. Bxe5 Nf6 22. Ra8 Bxc5 23. Rxb8 Qe7 24. Qxc6 Rxb8 25. Bxb8 h6 26. Nxd5 Nxd5 27. Qxd5+ Kh8 28. Ne5 1-0

[Event "Titled Tuesday intern op 23rd Aug Late"]
[Site "Chess.com INT"]
[Date "2022.08.23"]
[Round "10"]
[White "Pakleza, Zbigniew"]
[Black "Nazaretyan, Tigran"]
[Result "1-0"]
[WhiteElo "2499"]
[BlackElo "2316"]
[PlyCount "155"]
[EventDate "2022.08.23"]
[EventType "swiss (blitz)"]
[EventRounds "11"]
[EventCountry "USA"]
[SourceTitle "EXT 2023"]
[Source "ChessBase"]
[SourceDate "2022.10.05"]
[SourceVersion "1"]
[SourceVersionDate "2022.10.05"]
[SourceQuality "1"]

1. d4 Nf6 2. Nf3 g6 3. Bf4 Bg7 4. e3 0-0 5. Be2 d6 6. h3 c5 7. c3 cxd4 8. cxd4 Nc6 9. Nc3 Qb6 10. a3 Re8 11. Na4 Qc7 12. 0-0 e5 13. Bh2 Ne4 14. d5 Ne7 15. Rc1 Qd8 16. Qc2 Bf5 17. Qb3 b6 18. Bb5 Bd7 19. Nc3 Nc5 20. Qc4 Rc8 21. Qe2 Nf5 22. b4 Nb7 23. Ba6 Rb8 24. Nb5 Bxb5 25. Qxb5 Re7 26. Rc6 Qd7 27. Rfc1 Nd8 28. Rc8 Rxc8 29. Rxc8 Bf8 30. Qxd7 Rxd7 31. Bb5 Ne7 32. Bxd7 Nxc8 33. Bxc8 f5 34. Ng5 h6 35. Ne6 Nxe6 36. Bxe6+ Kg7 37. f3 Kf6 38. e4 f4 39. Kf1 Ke7 40. Bg1 Kd8 41. Ke2 Be7 42. Kd3 Bh4 43. Kc4 Kc7 44. Kb5 Kb7 45. Bf7 g5 46. Be8 a6+ 47. Kc4 Be1 48. a4 Bd2 49. Bc6+ Kc7 50. a5 b5+ 51. Bxb5 axb5+ 52. Kxb5 Kb7 53. a6+ Ka8 54. Bf2 Bc3 55. Kc4 Bd2 56. b5 Ba5 57. b6 Bd2 58. Kb5 Be3 59. Be1 Kb8 60. Kc6 Bxb6 61. Kxb6 Ka8 62. Bb4 Kb8 63. Bxd6+ Ka8 64. Bxe5 h5 65. Bf6 g4 66. hxg4 hxg4 67. fxg4 f3 68. gxf3 Kb8 69. g5 Kc8 70. e5 Kd7 71. f4 Ke8 72. f5 Kf7 73. Kc5 Kg8 74. Kd6 Kf8 75. Ke6 Ke8 76. a7 Kf8 77. g6 Kg8 78. d6 1-0